Capitales de l'Afrique sur une carte - Statistiques

Statistiques générales
  • Ce quiz a été pris 670 fois
  • Le résultat moyen est 37 sur 54
Réponses sur la Carte
Les réponses sont colorées sur une échelle allant du rouge au vert en fonction du pourcentage des utilisateurs qui les ont devinées à leur premier essai. Vous pouvez retrouver ces pourcentages ci-dessous.
 
Statistiques - réponses
Ville % Correct
Alger
98%
Le Caire
98%
Rabat
97%
Tunis
96%
Dakar
92%
Le Cap | Pretoria | Bloemfontein
90%
Tripoli
89%
Bamako
85%
Brazzaville
84%
Kinshasa
83%
Antananarivo
82%
Djibouti
81%
Libreville
78%
Nairobi
78%
Yaoundé
78%
Bissau
77%
Ouagadougou
77%
Sao Tomé
76%
Yamoussoukro
76%
Freetown
73%
Addis-Abeba
72%
Khartoum
72%
Nouakchott
71%
Accra
70%
Lomé
70%
Port Louis
69%
Luanda
68%
Niamey
66%
Conakry
65%
Praia
65%
Abuja
64%
Cotonou | Porto-Novo
64%
Ndjamena
64%
Victoria
64%
Windhoek
64%
Maputo
63%
Mogadiscio
63%
Bangui
61%
Kigali
60%
Harare
59%
Banjul
58%
Dodoma
58%
Asmara
55%
Gaborone
55%
Mbabane
55%
Kampala
54%
Lilongwe
54%
Lusaka
54%
Monrovia
54%
Djouba
53%
Moroni
50%
Maseru
49%
Malabo
47%
Gitega
46%
Aucun quiz correspondant
Distribution des résultats
% des personnes avec chaque résultat
Percentile par nombre de réponses
Votre historique - résultats
Vous n’avez pas pris ce quiz